Statistics for Ethiopia bordering countries

Click here to take the quiz!

General Stats

  • This quiz has been taken 460 times
  • The average score is 6 of 6

Answer Stats

HintAnswer% Correct
1,600 KmSomalia
98%
912 KmEritrea
96%
723 KmSudan
96%
861 KmKenya
94%
349 KmDjibouti
92%
883 KmSouth Sudan
92%

Score Distribution

Percentile by Number Answered

Percent of People with Each Score

Your Score History

You have not taken this quiz